Lectures on advanced ordinary differential equations /
Guardado en:
| Autor Principal: | |
|---|---|
| Formato: | Libro |
| Idioma: | English |
| Publicado: |
New York :
Gordon and Breach,
c1965.
|
| Series: | Notes on mathematics and its applications
|
| Etiquetas: |
Agregar Etiqueta
Sin Etiquetas, Sea el primero en etiquetar este registro!
|
| LEADER | 01252cam a22002175 4500 | ||
|---|---|---|---|
| 001 | MAT.inmabb001848 | ||
| 008 | 730319s1965####nyu###########001#0#eng#d | ||
| 005 | 20130305155553.0 | ||
| 245 | 1 | 0 | |a Lectures on advanced ordinary differential equations / |c by K. O. Friedrichs ; notes by P. Berg, W. Hirsch, P. Treuenfels. |
| 260 | |a New York : |b Gordon and Breach, |c c1965. | ||
| 300 | |a ix, 205 p. ; |c 24 cm. | ||
| 440 | 0 | |a Notes on mathematics and its applications | |
| 500 | |a "A reprint of the author's lecture notes (1948/49, New York University, unpublished) without any essential change"--Math. Rev. | ||
| 500 | |a Cabecera de portada: New York University Institute of Mathematical Sciences. | ||
| 510 | 4 | |a MR, |c 37 #483 | |
| 505 | 0 | |a Chapter I, Invariant differential equations. Lie's theory -- Chapter II, Existence and uniqueness -- Chapter III, Discussion of the topology of integral curves -- Chapter IV, Periodic solutions of differential equations -- Appendix to Chapters II, III, IV -- Chapter V, Linear differential equations for analytic functions. | |
| 100 | 1 | |a Friedrichs, K. O. |q (Kurt Otto), |d 1901- | |
| 246 | 1 | 4 | |a Advanced ordinary differential equations |
| 084 | |a 34-02 |2 msc2000 | ||
| 010 | |a 65024867 | ||
| 859 | |h 34 |i F911 |p A-3324 |b BIB. MATEMATICA | ||
